| 000 | 00374nam a2200145Ia 4500 | ||
|---|---|---|---|
| 008 | 230917s9999||||xx |||||||||||||| ||und|| | ||
| 040 |
_e218345 _aMAIN |
||
| 041 | _aEnglish | ||
| 082 | _a361.6 J199P | ||
| 100 | _aJain, Rita | ||
| 245 | 0 | _aPublic policy art and craft: Policy analysis | |
| 260 |
_aNew Delhi _bSignature Books _c2013 |
||
| 300 | _avi, 280 p. | ||
| 942 | _cBK | ||
| 999 |
_c179591 _d179591 |
||